CURRENT opinion in dermatology

Guardat en:
Dades bibliogràfiques
Autor principal: Mark, V. Delhi
Format: Llibre
Idioma:anglès
Publicat: , 1997.
Etiquetes: Afegir etiqueta
Sense etiquetes, Sigues el primer a etiquetar aquest registre!

MARC

LEADER 00000nam a22000007a 4500
008 201210b ||||| |||| 00| 0 eng d
020 |a  1-85922-809-7 
100 |a Mark, V. Delhi;  
245 |a CURRENT opinion in dermatology 
260 |c , 1997.  |h Philadelphia  |i 309993  |l RL1 .C93 
942 |a lcc  |c BK  |e j.o.ifatola  |f 10/ 12/ 2020 
952 |0 0  |1 0  |2 lcc  |4 0  |6 RL0001 C93  |7 0  |9 330  |a HOL  |b HOL  |c QZ  |d 2020-12-10  |l 0  |o RL1 .C93  |p 2020-2065  |r 2020-12-10 00:00:00  |w 2020-12-10  |y BK 
999 |c 152  |d 152